Řízení výpočetních středisek v resortu kultury

Na minha lista:
Detalhes bibliográficos
Autor principal: Rais, Karel
Outros Autores: Smejkal, Vladimír
Formato: Livro
Idioma:tcheco
Publicado em: Praha Ústav pro informace a řízení v kultuře 1985
Tags: Adicionar Tag
Sem tags, seja o primeiro a adicionar uma tag!

MARC

LEADER 00000nam a2200000 4500
001 c109607
005 20251111083202.0
041 0 |a cze 
044 |a CZ 
245 1 0 |a Řízení výpočetních středisek v resortu kultury  |c Karel Rais, Vladimír Smejkal 
264 1 |a Praha  |b Ústav pro informace a řízení v kultuře  |c 1985 
300 |a 222 s. 
100 1 |a Rais, Karel 
700 1 |a Smejkal, Vladimír